LEADER 01561nam 2200409Ia 450 001 9910698364103321 005 20080722122102.0 035 $a(CKB)4970000000041306 035 $a(OCoLC)181644289 035 $a(EXLCZ)994970000000041306 100 $a20071120d2007 ua 0 101 0 $aeng 135 $aurmn||||||||| 181 $ctxt$2rdacontent 182 $cc$2rdamedia 183 $acr$2rdacarrier 200 10$aMilitary base realignments and closures$b[electronic resource] $etransfer of supply, storage, and distribution functions from military services to Defense Logistics Agency 210 1$aWashington, DC :$cU.S. Govt. Accountability Office,$d[2007] 215 $a40 pages $cdigital, PDF file 300 $aTitle from title screen (viewed on Nov. 19, 2007). 300 $aAuthor: Brian J. Lepore. 300 $a"October 26, 2007." 300 $aPaper version available from: U.S. Govt. Accountability Office, 441 G St., NW, Rm. LM, Washington, D.C. 20548. 300 $a"GAO-08-121R." 320 $aIncludes bibliographical references. 517 $aMilitary Base Realignments and Closures 606 $aMilitary base closures$zUnited States 607 $aUnited States$xArmed Forces$xSupplies and stores 615 0$aMilitary base closures 700 $aLepore$b Brian J$01388056 712 02$aUnited States.$bGovernment Accountability Office. 801 0$bGPO 801 1$bGPO 906 $aDOCUMENT 912 $a9910698364103321 996 $aMilitary base realignments and closures$93454960 997 $aUNINA LEADER 01141nam0 22003013i 450 001 CFI0244443 005 20231121125449.0 100 $a20201022d1985 ||||0itac50 ba 101 | $aita 102 $ait 181 1$6z01$ai $bxxxe 182 1$6z01$an 200 1 $aIlli de domo et familia Abbatellis$ei baroni di Cefalà$euna famiglia dell'aristocrazia siciliana fra '400 e '500$fFerdinando Maurici 210 $aPalermo$cOfficina di studi medievali$d\1985! 215 $a78 p.$d25 cm. 225 | $aScrinium$v6 410 0$1001CFI0051599$12001 $aScrinium$v6 606 $aAbbatellis $xStoria$xSec. 15.-16.$2FIR$3RMLC398384$9I 676 $a929.209458$9$v21 700 1$aMaurici$b, Ferdinando$3CFIV084250$4070$039486 801 3$aIT$bIT-01$c20201022 850 $aIT-FR0017 899 $aBiblioteca umanistica Giorgio Aprea$bFR0017 $eN 912 $aCFI0244443 950 0$aBiblioteca umanistica Giorgio Aprea$d 52MAG 5 Coll I 6$e 52FLS0000326905 VMB RS $fA $h20201022$i20201022 977 $a 52 996 $aIlli de domo et familia Abbatellis$93605676 997 $aUNICAS